| 000 | 00556nam a2200193Ia 4500 | ||
|---|---|---|---|
| 005 | 20250508155725.0 | ||
| 008 | 008 250505s9999 xx 000 0 eng d | ||
| 037 | _aTextual | ||
| 040 |
_aFEDL _beng _cFEDL |
||
| 041 |
_aeng _2eng |
||
| 084 |
_a155.4, GIN _qFEDL |
||
| 100 |
_aGinott Haim G. _988222 |
||
| 245 | 0 | _aBetween parent and child : New solutions to old problems | |
| 260 |
_aNew York, USA _bMacmillan Company _c1965 |
||
| 300 | _a216p. | ||
| 650 | _aChild Psychology | ||
| 942 |
_cTEXL _h155.4, GIN |
||
| 999 |
_c1358960 _d1358960 |
||